000 00359nam a2200145Ia 4500
008 221030s9999 xx 000 0 und d
041 _aEnglish
082 _a105.23
_bMar
100 _aG. I. Marwaha
245 0 _aExamples in Electrical Calculations
_cby G. I. Marwaha
260 _bStandard Pub
_aNew Delhi
_c0
300 _a432
650 _aEE
942 _cBK
999 _c6438
_d6438